000 00426nam a2200157Ia 4500
008 230711s9999||||xx |||||||||||||| ||und||
020 _a81-88306-00-2
041 _aENG
082 _a800
_bJA-P
100 _aJagjit Singh
245 0 _aPercussions of History
_bThe Sikh Revolution & in the Caravan of Revolutuins
260 _c2016
_aChandigrah
_bThe Namakshahi Trust
300 _a377p.
650 _aLiterature
942 _cBK
999 _c6901
_d6901